00360nam a2200157Ia 45000010006000000050017000060080041000230410008000640820015000721000020000872450036001072600009001433000034001526500008001866540008001941401520260306164843.0260306t2004||||xx |||||||||||||| ||spa|| aESP a005.8bR36 aReid, PauleAUT 0aBiometrics for network security c2004 axiii, 252 páginas :c23 cm. aGEN aCCC